000 00337nam a22000977a 4500
008 160606b xxu||||| |||| 00| 0 eng d
100 _aBarefoot, J.
245 _aHungary revenues
260 _aYork, England
_bJ. Barefoot Ltd
_c1987
650 _aHungary | Revenues | Revenues -- Municipal | Catalogs and Price Lists | Cinderella Material | Fiume
999 _c2053
_d2053